| 000 | 00470nam a2200181Ia 4500 | ||
|---|---|---|---|
| 003 | OSt | ||
| 005 | 20230607182521.0 | ||
| 008 | 210423s2003 xx 000 0 und d | ||
| 040 | _cAL | ||
| 041 | _aeng | ||
| 082 |
_a658.3 _223 _bKINH |
||
| 100 |
_aKING. _9115976 |
||
| 245 | _aHuman resource management and development. | ||
| 260 |
_aNew Delhi _bKing Books _c2003 |
||
| 365 |
_b285 _cINR |
||
| 906 | _adevelopment. ; Human ; management ; resource | ||
| 942 |
_2ddc _cBK |
||
| 999 |
_c175384 _d175384 |
||